000 00504nam a2200181Ia 4500
008 240925s9999 xx 000 0 und d
020 _a8176350583
082 _a004.67 LAF
100 _aLafferty, David
245 0 _aMCSE: training guide sql server administration
250 _aNA
260 _aNew Delhi:
_bTechmedia
_c,1998.
300 _axi,530p.
_bNA
_fOriginal
500 _aIncludes Index
600 _aComputer Science
650 _aComputer science, information & general works
942 _cBK
999 _c4286
_d4286